00663 a2200193 4500001000700000003000400007005001700011008004100028082002400069100002400093245006600117260003900183300001000222653007400232700001500306942001200321999001500333952012100348069058OSt20220402114013.0  a332.004150954bC17C1 aChakrabarti, Rajesh1 aCapital markets in Indiacby Rajesh Chakrabarti and Sankar De aNew DelhibSage Publicationsc2010 a392p. aSecurities industry; India; Asset management accounts; Capital market aDe, Sankar 2ddccBK c2668d2668 00102ddc40708TXBaCURAJbCURAJd2012-03-07eMGMg450.00l0o332.004150954 C17Cp3345r2024-11-21w2020-09-02yBK